| 000 | 00453nam a22001817a 4500 | ||
|---|---|---|---|
| 005 | 20250508144113.0 | ||
| 008 | 250508b |||||||| |||| 00| 0 eng d | ||
| 037 | _aTextbook | ||
| 040 |
_aLCO _cLCO |
||
| 084 |
_aZ3,91 K8 _qLCO |
||
| 100 | _aFuller, L.L. | ||
| 245 | _aAnatomy of Law | ||
| 260 |
_aU.S.A. _bConnectiat _c1968 |
||
| 300 | _a122 | ||
| 650 | _2Law | ||
| 942 |
_2CC _cTB _hZ3,91 K8 _n0 |
||
| 999 |
_c1320414 _d1320414 |
||